| 000 | 00410nam a22001697a 4500 | ||
|---|---|---|---|
| 020 | _a9789332570801 | ||
| 082 | _a005.276 DEI | ||
| 100 | _aPaul Deitel | ||
| 245 | _aAndroid 6 for programmers: an app-driven approach | ||
| 260 |
_aIndia _bPearson _c2016 |
||
| 300 | _a422p. | ||
| 650 | _aComputer science | ||
| 650 | _aPower control | ||
| 650 | _aBluetooth robot | ||
| 650 | _aMicroprocessing | ||
| 942 | _cBK | ||
| 999 |
_c13756 _d13756 |
||